Têtes de Listes aux élections municipales 2026 à Montpellier - Statistiques

Statistiques générales
  • Ce quiz a été pris 16 fois
  • Le résultat moyen est 6 sur 13
Statistiques - réponses
Liste Partis Chef de file ou candidat à la mairie % Correct
Demain Montpellier Parti Socialiste Michaël Delafosse
100%
Yes we clown Sans Étiquette Rémi Gaillard
100%
Montpellier notre fierté Divers Centre Mohed Altrad
73%
Montpellier Citoyenne Divers Gauche Philippe Saurel
67%
Faire lieux pour Montpellier La France Insoumise Nathalie Oziol
60%
Aimer Montpellier Divers Droite Isabelle Perrein
53%
Le printemps montpellierain Les Écologistes Jean-Louis Roumegas
47%
Libérer Montpellier ! Rassemblement National France Jamet
40%
Union montpellieraine Divers Droite Thierry Tsagalos
27%
Révolution Permanente - ..., La voix des travailleurs, de la jeunesse et des quartiers populaires Révolution Permanente Max Muller
20%
La Municipaliste Sans Étiquette Kadija Zbairi
7%
Lutte ouvrière - Le camp des travailleurs Lutte Ouvrière Morgane Lachiver
7%
L'argent pour les travailleurs et les services publics de la commune, pas pour la guerre ! Parti des travailleurs Sylvie Trousselier
7%
Aucun quiz correspondant
Distribution des résultats
% des personnes avec chaque résultat
Percentile par nombre de réponses
Votre historique - résultats
Vous n’avez pas pris ce quiz